Tilastot visalle Vuoden urheilija 2000-2022

Klikkaa tästä pelataksesi tätä visaa!

Yleistilastot

  • Tätä visaa on pelattu 58 kertaa
  • Keskiarvotulos 22 / 31

Vastaustilastot

VuosiUrheilijaLaji% Oikein
2022Iivo Niskanenmaastohiihto
95%
2018Iivo Niskanenmaastohiihto
95%
2017Iivo Niskanenmaastohiihto
95%
2014Iivo Niskanenmaastohiihto
95%
2015Tero Pitkämäkikeihäänheitto
91%
2013Tero Pitkämäkikeihäänheitto
91%
2007Tero Pitkämäkikeihäänheitto
91%
2011Kaisa Mäkäräinenampumahiihto
88%
2019Teemu Pukkijalkapallo
88%
2016Leo-Pekka Tähtipyörätuolikelaus
84%
2021Matti Mattsonuinti
79%
2005Janne Ahonenmäkihyppy
77%
2001Sami Hyypiäjalkapallo
74%
2014Sami Jauhojärvimaastohiihto
74%
2006Tanja Poutiainenalppihiihto
74%
2005Tanja Poutiainenalppihiihto
74%
2004Tanja Poutiainenalppihiihto
74%
2010Minna Kauppisuunnistus
72%
2000Arsi Harjukuulantyöntö
70%
2002Samppa Lajunenyhdistetty
67%
2007Virpi Kuitunenmaastohiihto
65%
2009Aino-Kaisa Saarinenmaastohiihto
63%
2008Satu Mäkelä-Nummelaammunta
63%
2003Hanna-Maria Seppäläuinti
60%
2020Lukas Hradeckýjalkapallo
60%
2012Tuuli Petäjä-Sirénpurjehdus
51%
2006Jukka Keskisalojuoksu
44%
2002Heli Koivulakolmiloikka, pituushyppy
40%
2004Marko Yli-Hannukselapaini
37%
2001Pirjo Manninenmaastohiihto
19%
2000Pia Sundstedtpyöräily
7%

Tulosjakauma

Persentiili vastausten määrän mukaan

Jokaisen tuloksen saaneiden osuus

Tuloshistoriasi

Et ole pelannut tätä visaa